• 首页
  • 本馆介绍
  • 公告通知
  • 最新文献
  • 馆藏检索
  • 电子资源
  • 读者导购
  • 参考咨询
  • 我的图书馆
  • 登录
  • 详细信息显示
  • 放入我的书架
  • 预约/预借图书
  • 作者相关作品
  • 分类相关作品
  • 丛书相关作品
  • 出版社相关作品

书目信息

  • 表格格式
  • 工作单格式
  • 卡片格式
题名:
缪斯神宫巡礼
    
 
作者: 程栋 , 沈敏华 著
分册:  
出版信息: 上海   上海教育出版社  2001
页数: 510页
开本: 20cm
丛书名:
单 册:
中图分类: K103
科图分类:
主题词: 文化史--研究--世界--古代
电子资源:
ISBN: 7-5320-7519-2
000 00870nam0 2200241 45
001 012001090648
005 20050408100633.4
010    @a7-5320-7519-2@dCNY26.00
100    @a20011102d2001 em y0chiy0110 ea
101 0  @achi
102    @aCN@b310000
105    @aa z 000yy
200 1  @a缪斯神宫巡礼@Amiu si shen gong xun li@e世界古代的文化@EShi Jie Gu Dai De Wen Hua@f程栋,沈敏华著@FCheng Dong,Shen Min Hua Zhu
210    @a上海@c上海教育出版社@d2001
215    @a510页@c照片,图@d20cm
330    @a巡视谬斯神宫,究其实即为探究古代世界的文化,本书阐述了古代世界文化的有关内容,如文字、文学、建筑、艺术、科技以及宗教、社会生活等。
517    @a世界古代的文化@AShi Jie Gu Dai De Wen Hua
606 0  @a文化史@x研究@y世界@z古代
690    @aK103@v4
701  0 @a程栋@4著
701  0 @a沈敏华@4著
801  0 @aCN@bNLC@c20011121
905    @b348202-206@dK103@e114@f5
    
    缪斯神宫巡礼:世界古代的文化/程栋,沈敏华著.-上海:上海教育出版社,2001
    510页:照片,图;20cm
    
    
    ISBN 7-5320-7519-2:CNY26.00
    巡视谬斯神宫,究其实即为探究古代世界的文化,本书阐述了古代世界文化的有关内容,如文字、文学、建筑、艺术、科技以及宗教、社会生活等。
●
相关链接 在E读中查询图书 在五车中查询图书 在当当中查询图书 在豆瓣中查询图书


正题名:缪斯神宫巡礼     索取号:K103/114         预约/预借

序号 登录号 条形码 馆藏地/架位号 状态 备注
1 0348202   203482025   第二样本阅览室/ [索取号:K103/114] 在馆    
2 0348203   203482034   第二借阅区/ [索取号:K103/114] 在馆    
3 0348204   203482043   第二借阅区/ [索取号:K103/114] 在馆    
4 0348205   203482052   第二借阅区/ [索取号:K103/114] 在馆    
5 0348206   203482061   第二借阅区/ [索取号:K103/114] 在馆    
唐山师范学院图书馆 欢迎您!
大连网信软件有限公司© 版权所有